Word Ladder: The Shining Plot Spoiler Quiz Stats

 Plays Quiz Updated Apr 1, 2013

Support Sporcle.
Go Orange.
Score 0/54 Timer 05:00
3 Plays Today
Hint 4-Letter Word % Correct
High school athleteJOCK
94.1%
A bit of hairLOCK
92%
PeekLOOK
91.3%
❅ CAR LIFTER ❅❅ JACK ❅
89.9%
High school ageTEEN
87.8%
Golf ball standsTEES
85.7%
❅ '___ Hardly Wait' ❅❅ CAN'T ❅
85%
Chimney dustSOOT
83%
❅ AT THAT TIME ❅❅ THEN ❅
81.4%
An unwanted plantWEED
81.3%
Mon. followerTUES
79.3%
❅ PECANS AND FILBERTS ❅❅ NUTS ❅
79.3%
Time question wordWHEN
79.1%
AdhesiveGLUE
78.9%
Attila's groupHUNS
78.7%
Rachel's baby-daddy on 'Friends'ROSS
78.5%
ColorsHUES
78.5%
Piggy bank featureSLOT
78%
Narrow cutSLIT
77.2%
Golf course goalHOLE
76.9%
PennyCENT
76.8%
Au as an elementGOLD
76.2%
Wish forWANT
76%
UK waterclosetsLOOS
75%
FOX show choir showGLEE
73.8%
Refuses toWON'T
73.7%
Jimi Hendrix's 'Purple ___'HAZE
73%
Hint 4-Letter Word % Correct
UnhappyGLUM
72.8%
Storage area on a shipHOLD
72.7%
On a graph, x or yAXIS
72.2%
❅ LABYRINTH ❅❅ MAZE ❅
72.1%
Left to go outWENT
72.1%
Woodman's toolsAXES
71.3%
Wimple wearersNUNS
70.6%
HappyGLAD
70.2%
Trendy hoorayWOOT
69.9%
Malt brewsALES
69.2%
'Voodoo Lady' alt rock duoWEEN
69%
Bowie's style of rockGLAM
68.7%
In good healthHALE
68.4%
CoaxGOAD
67.1%
Proceed on one's wayWEND
66.1%
❅ LEAVES ❅❅ GOES ❅
64%
SorrowsWOES
62.6%
CourtsWOOS
61.7%
DownwindALEE
61.7%
Wagon wheel remnantsRUTS
60.7%
Tamblyn of 'West Side Story'RUSS
59.4%
Check text for errorsEDIT
56.7%
Porter who headed the CIAGOSS
53.9%
❅ EGRESS ❅❅ EXIT ❅
50.1%
Antidepressant drugAXIT
43.9%
Landed uponALIT
43.2%
Mine entranceADIT
39%

Today's Daily Dose

Quick Pick
Nissan Models

Get the Picture
Amazing Trees

From the Vault

Remove Ads.
Support Sporcle.
Get the best of Sporcle when you Go Orange. This ad-free experience offers more features, more stats, and more fun while also helping to support Sporcle. Thank you for becoming a member.

Show Comments

Extras

Top Quizzes Today


Score Distribution

Your Account Isn't Verified!

In order to create a playlist on Sporcle, you need to verify the email address you used during registration. Go to your Sporcle Settings to finish the process.

Report this User

Report this user for behavior that violates our Community Guidelines.

Details: